Maximized manhood: (Record no. 14807)

000 -LEADER
fixed length control field 00869nam a2200229 a 4500
001 - CONTROL NUMBER
control field :::00012641$&:&@@
003 - CONTROL NUMBER IDENTIFIER
control field OkBaRHE
005 - DATE AND TIME OF LATEST TRANSACTION
control field 20000607103421.0
008 - FIXED-LENGTH DATA ELEMENTS--GENERAL INFORMATION
fixed length control field s1982 j 000 0 eng u
040 ## - CATALOGING SOURCE
Transcribing agency
100 1# - MAIN ENTRY--PERSONAL NAME
Personal name Cole, Edwin Louis.
245 10 - TITLE STATEMENT
Title Maximized manhood:
Remainder of title a guide to family survival.
260 ## - PUBLICATION, DISTRIBUTION, ETC. (IMPRINT)
Place of publication, distribution, etc Springdale, PA., :
Name of publisher, distributor, etc Whitaker House
Date of publication, distribution, etc c1982
300 ## - PHYSICAL DESCRIPTION
Extent 176 p. ;
Dimensions 18 cm.
650 ## - SUBJECT ADDED ENTRY--TOPICAL TERM
Topical term or geographic name as entry element Family
650 ## - SUBJECT ADDED ENTRY--TOPICAL TERM
Topical term or geographic name as entry element Men
942 ## - ADDED ENTRY ELEMENTS (KOHA)
Source of classification or shelving scheme
Koha item type Books
Copies
Date acquired Not for loan Koha item type Source of classification or shelving scheme Permanent Location Copy number Lost status Withdrawn status Price effective from Damaged status Barcode Full call number Shelving location Date last seen
2010-04-14 Books RHEMA Bible Training College1  2010-04-14 12641HQ 1090 .C6General Stacks2010-04-14
2010-04-14 Books RHEMA Bible Training College2  2010-04-14 16686HQ 1090 .C6General Stacks2010-04-14
2010-04-14 Books RHEMA Bible Training College3  2010-04-14 16687HQ 1090 .C6General Stacks2010-04-14
2010-04-14 Books RHEMA Bible Training College4  2010-04-14 16688HQ 1090 .C6General Stacks2010-04-14